CHILD DEVELOPMENT INFANCY THROUGH ADOLESCENCE (Record no. 10124)

MARC details
000 -LEADER
fixed length control field 00421nam a22001697a 4500
003 - CONTROL NUMBER IDENTIFIER
control field OSt
005 - DATE AND TIME OF LATEST TRANSACTION
control field 20211006155753.0
008 - FIXED-LENGTH DATA ELEMENTS--GENERAL INFORMATION
fixed length control field 211006b |||||||| |||| 00| 0 eng d
020 ## - INTERNATIONAL STANDARD BOOK NUMBER
International Standard Book Number 0471844934
040 ## - CATALOGING SOURCE
Transcribing agency HU
082 ## - DEWEY DECIMAL CLASSIFICATION NUMBER
Classification number 155.4/CLA
100 ## - MAIN ENTRY--PERSONAL NAME
Personal name ALISON CLARKE STEWART
9 (RLIN) 10954
245 ## - TITLE STATEMENT
Title CHILD DEVELOPMENT INFANCY THROUGH ADOLESCENCE
260 ## - PUBLICATION, DISTRIBUTION, ETC.
Place of publication, distribution, etc. AMERICA
Name of publisher, distributor, etc. WILEY
Date of publication, distribution, etc. 1987
300 ## - PHYSICAL DESCRIPTION
Extent 623P
942 ## - ADDED ENTRY ELEMENTS (KOHA)
Source of classification or shelving scheme Dewey Decimal Classification
Koha item type Books like text book referance book
Suppress in OPAC No
Holdings
Withdrawn status Lost status Source of classification or shelving scheme Damaged status Not for loan Home library Current library Shelving location Date acquired Total Checkouts Full call number Barcode Date last seen Copy number Price effective from Koha item type
    Dewey Decimal Classification     Social Library Social Library General Stacks 10/06/2021   155.4/CLA SHLIB00000785 10/06/2021 1 10/06/2021 Books like text book referance book